[Event "VIII Festival A"]
[Site "Porto San Giorgio ITA"]
[Date "1995.08.25"]
[Round "6"]
[White "Maksimovic, Dejan"]
[Black "Saldano Dayer, Horacio"]
[Result "1-0"]
[WhiteElo "2250"]
[BlackElo "2325"]
[PlyCount "60"]
[EventDate "1996.08.20"]

1. d4 f5 2. Nf3 Nf6 3. Bf4 g6 4. h3 d6 5. e3 Bg7 6. Be2 c6 7. c4 O-O 8. Nc3
Nbd7 9. Qb3 Qb6 10. Qc2 Re8 11. O-O e5 12. Bh2 e4 13. Nd2 d5 14. cxd5 Nxd5 15.
Nc4 Qd8 16. Nxd5 cxd5 17. Nd6 Rf8 18. Nb5 g5 19. Nc7 Nb6 20. Nxa8 Nxa8 21. f3
Nb6 22. Rac1 exf3 23. Bxf3 Qe7 24. Qb3 f4 25. exf4 Bxd4+ 26. Kh1 gxf4 27. Bxd5+
Kh8 28. Rxf4 Rxf4 29. Bxf4 Qf6 30. Qg3 Bxb2 1-0

[Event "VIII Festival A"]
[Site "Porto San Giorgio ITA"]
[Date "1995.08.25"]
[Round "6"]
[White "Malakhov, Vladimir"]
[Black "Vukovic, Zdravko"]
[Result "1/2-1/2"]
[WhiteElo "2515"]
[BlackElo "2475"]
[PlyCount "81"]
[EventDate "1996.08.20"]

1. e4 d5 2. exd5 Qxd5 3. Nc3 Qd8 4. d4 Nf6 5. Nf3 c6 6. h3 Bf5 7. Bd3 Bxd3 8.
Qxd3 e6 9. O-O Be7 10. b3 O-O 11. Bb2 Nbd7 12. Ne2 Qa5 13. c4 Rfd8 14. Qc2 Ba3
15. Bc3 Bb4 16. Rad1 Bxc3 17. Nxc3 Nf8 18. Rfe1 Ng6 19. Re3 Rd7 20. Ne5 Nxe5
21. dxe5 Rxd1+ 22. Qxd1 Rd8 23. Rd3 Rxd3 24. Qxd3 Ne8 25. Qd4 f6 26. c5 Qc7 27.
f4 f5 28. Na4 Qe7 29. Nb2 Nc7 30. Qd6 Kf7 31. Kh2 Nb5 32. Qxe7+ Kxe7 33. Nc4
Nc3 34. a3 Kd7 35. b4 Nd5 36. Kg3 b5 37. cxb6 axb6 38. Kf3 b5 39. Nd2 h5 40. h4
Nc3 41. Ke3 1/2-1/2

[Event "VIII Festival A"]
[Site "Porto San Giorgio ITA"]
[Date "1995.08.25"]
[Round "6"]
[White "Piantoni, Roberto"]
[Black "Borgo, Giulio"]
[Result "0-1"]
[WhiteElo "2180"]
[BlackElo "2375"]
[PlyCount "44"]
[EventDate "1996.08.20"]

1. d4 c5 2. e3 Nf6 3. Nf3 d5 4. c3 Nbd7 5. Nbd2 Qc7 6. Qa4 e6 7. Be2 b6 8. O-O
Bd6 9. e4 cxd4 10. Qxd4 e5 11. Qa4 O-O 12. exd5 Nxd5 13. Ne4 Be7 14. Bg5 Bxg5
15. Nexg5 h6 16. Ne4 Nf4 17. Bb5 a6 18. Qc4 Nc5 19. Nxc5 axb5 20. Qe4 bxc5 21.
Qxa8 Bb7 22. Qa3 Bxf3 0-1

[Event "VIII Festival A"]
[Site "Porto San Giorgio ITA"]
[Date "1995.08.26"]
[Round "7"]
[White "Aleksic, Nenad"]
[Black "Misiano, Franco"]
[Result "1-0"]
[WhiteElo "2425"]
[BlackElo "2225"]
[PlyCount "99"]
[EventDate "1996.08.20"]

1. e4 e6 2. Nf3 d5 3. Nc3 Nf6 4. e5 Nfd7 5. d4 c5 6. dxc5 Nc6 7. Bf4 Bxc5 8.
Bd3 f6 9. exf6 Nxf6 10. O-O O-O 11. Ne5 Bd7 12. Qe2 Qe7 13. Rae1 Rae8 14. Bg3
Bd4 15. Nb5 Bxe5 16. Bxe5 Nxe5 17. Qxe5 Qc5 18. Nc3 Qb6 19. b3 Qb4 20. h3 Bc6
21. Nd1 Nd7 22. Qh5 Nf6 23. Qg5 Qd4 24. Ne3 Nd7 25. Ng4 g6 26. Re3 Qg7 27. Rfe1
Nc5 28. Ne5 Nxd3 29. cxd3 Qf6 30. Qg3 d4 31. R3e2 Bd5 32. Nd7 Qf4 33. Nxf8 Qxg3
34. fxg3 Rxf8 35. Rc2 Rf7 36. g4 Kg7 37. g5 h6 38. Rf1 Re7 39. h4 e5 40. Rc8 e4
41. Rd8 Re5 42. Rd7+ Kg8 43. dxe4 Bc6 44. Rd8+ Kg7 45. gxh6+ Kxh6 46. Rxd4 Kh5
47. Rf4 Re8 48. Kh2 g5 49. hxg5 Kxg5 50. Kg3 1-0

[Event "VIII Festival A"]
[Site "Porto San Giorgio ITA"]
[Date "1995.08.26"]
[Round "7"]
[White "Efimov, Igor"]
[Black "Marinelli, Tullio"]
[Result "1-0"]
[WhiteElo "2510"]
[BlackElo "2425"]
[PlyCount "67"]
[EventDate "1996.08.20"]

1. d4 Nf6 2. c4 e6 3. Nf3 b6 4. a3 Be7 5. Nc3 d5 6. Qc2 O-O 7. e4 dxe4 8. Nxe4
Nbd7 9. Bd3 Bb7 10. Neg5 h6 11. h4 Bxf3 12. Nxf3 c5 13. Rh3 Bd6 14. Bg5 Qc7 15.
Rd1 Rfd8 16. d5 exd5 17. cxd5 Kf8 18. Kf1 Re8 19. Bb5 hxg5 20. hxg5 Ng8 21. Rh8
g6 22. Qa4 Be5 23. d6 Qd8 24. Nxe5 Rxe5 25. f4 Kg7 26. Rh3 Nf8 27. fxe5 Qxg5
28. Bc6 Rd8 29. Rf3 Qxe5 30. Qxa7 Nf6 31. Qc7 Ne6 32. Qe7 Rf8 33. Re1 Qh2 34.
Qxf6+ 1-0

[Event "VIII Festival A"]
[Site "Porto San Giorgio ITA"]
[Date "1995.08.26"]
[Round "7"]
[White "Komarov, Dimitri"]
[Black "Naumkin, Igor"]
[Result "1-0"]
[WhiteElo "2595"]
[BlackElo "2430"]
[PlyCount "69"]
[EventDate "1996.08.20"]

1. d4 e6 2. e4 d5 3. Nc3 Bb4 4. e5 c5 5. a3 Bxc3+ 6. bxc3 Ne7 7. Qg4 O-O 8. Bd3
f5 9. exf6 Rxf6 10. Bg5 Rf7 11. Qh5 g6 12. Qd1 Nbc6 13. Nf3 c4 14. Be2 Bd7 15.
h4 Qa5 16. Qd2 Nf5 17. Ne5 Nxe5 18. dxe5 d4 19. Bf6 dxc3 20. Qf4 Qc7 21. Qxc4
Qxc4 22. Bxc4 Rc8 23. Ba2 h6 24. h5 g5 25. O-O-O Re8 26. g4 Ng7 27. Rh3 Ref8
28. Rxc3 Bc6 29. Bc4 Rxf6 30. exf6 Rxf6 31. Rd8+ Kf7 32. Bb5 Rf3 33. Rdd3 Rxd3
34. Bxd3 Ne8 35. Bg6+ 1-0

[Event "VIII Festival A"]
[Site "Porto San Giorgio ITA"]
[Date "1995.08.26"]
[Round "7"]
[White "Laketic, Gojko"]
[Black "Nicevski, Risto"]
[Result "0-1"]
[WhiteElo "2445"]
[BlackElo "2335"]
[PlyCount "80"]
[EventDate "1996.08.20"]

1. d4 Nf6 2. c4 g6 3. Nc3 Bg7 4. e4 d6 5. Nf3 O-O 6. Be2 c5 7. d5 e6 8. O-O Re8
9. Nd2 Na6 10. Rb1 Nc7 11. a4 Rb8 12. f4 b6 13. Bf3 exd5 14. cxd5 Ba6 15. Re1
Bd3 16. Ra1 Qd7 17. Nf1 c4 18. g4 h6 19. Ng3 Re7 20. Bd2 Rbe8 21. g5 hxg5 22.
fxg5 Nh7 23. Bg4 Qd8 24. h4 Na6 25. Qf3 Nc5 26. Rad1 Nf8 27. Kh2 Qc7 28. h5
Nfd7 29. Nf5 gxf5 30. Bxf5 Bxc3 31. Bxc3 Bxe4 32. Rxe4 Rxe4 33. g6 Ne5 34. Bxe5
R4xe5 35. Rg1 f6 36. g7 Rxf5 37. Qxf5 Qe7 38. h6 Qe5+ 39. Qxe5 fxe5 40. Rg6 e4
0-1

[Event "VIII Festival A"]
[Site "Porto San Giorgio ITA"]
[Date "1995.08.26"]
[Round "7"]
[White "Passoni, Carlo"]
[Black "Anceschi, Vittorio"]
[Result "0-1"]
[WhiteElo "2200"]
[BlackElo "2285"]
[PlyCount "124"]
[EventDate "1996.08.20"]

1. e4 d6 2. d4 Nf6 3. Nc3 g6 4. g3 Bg7 5. Bg2 O-O 6. h3 Na6 7. Nge2 c5 8. Be3
Rb8 9. dxc5 Nxc5 10. e5 Nfd7 11. exd6 exd6 12. Qxd6 Be5 13. Qd5 b6 14. O-O Bb7
15. Qd2 Bxg2 16. Kxg2 Qc8 17. Rad1 Nf6 18. Bf4 Qc6+ 19. f3 Rfe8 20. Bxe5 Rxe5
21. Qd6 Qxd6 22. Rxd6 Kg7 23. Nf4 Rc8 24. Rf2 Nb7 25. Rd3 Na5 26. Re2 Rxe2+ 27.
Nfxe2 Nc4 28. b3 Na3 29. Nd4 a6 30. Kf2 b5 31. Ke2 b4 32. Na4 Nh5 33. f4 Nxc2
34. Kd2 Na3 35. Nb6 Nb1+ 36. Ke3 Rc5 37. g4 Nf6 38. g5 Nh5 39. Nd7 Ra5 40. h4
Ng3 41. Nf6 Rxa2 42. Kf3 Nf1 43. h5 Nh2+ 44. Ke4 Nc3+ 45. Ke5 Ra5+ 46. Kd6 gxh5
47. Nc6 Ra1 48. Rh3 Ng4 49. Nxh5+ Kf8 50. Nxb4 Ne4+ 51. Kc6 f6 52. gxf6 Ngxf6
53. Nxf6 Nxf6 54. Kb6 a5 55. Nc6 a4 56. b4 a3 57. b5 Nd5+ 58. Kb7 a2 59. Ra3 h5
60. Nd4 Nb4 61. b6 Rc1 62. Nb3 Rb1 0-1

[Event "VIII Festival A"]
[Site "Porto San Giorgio ITA"]
[Date "1995.08.26"]
[Round "7"]
[White "Roeder, Matthias"]
[Black "Negrini, Claudio"]
[Result "1-0"]
[WhiteElo "2435"]
[BlackElo "2310"]
[PlyCount "55"]
[EventDate "1996.08.20"]

1. d4 Nf6 2. c4 c5 3. d5 Ne4 4. Qc2 Qa5+ 5. Nc3 Nxc3 6. Bd2 e5 7. Bxc3 Qc7 8.
e3 d6 9. Bd3 Be7 10. f4 g6 11. Nf3 Bf6 12. f5 Qe7 13. Be4 Na6 14. a3 Nc7 15. a4
a5 16. h4 g5 17. hxg5 Bxg5 18. Qd2 Qf6 19. Rh5 Rg8 20. Bxa5 Bxe3 21. Qxe3 Rxa5
22. Kf2 Bd7 23. b3 Ra6 24. Rh6 Qg7 25. g4 Kf8 26. g5 Bxf5 27. Bxf5 e4 28. Re1
1-0

[Event "VIII Festival A"]
[Site "Porto San Giorgio ITA"]
[Date "1995.08.26"]
[Round "7"]
[White "Rotstein, Arkadij"]
[Black "Sarno, Spartaco"]
[Result "1-0"]
[WhiteElo "2475"]
[BlackElo "2410"]
[PlyCount "79"]
[EventDate "1996.08.20"]

1. e4 d6 2. d4 Nf6 3. Nc3 g6 4. Bg5 c6 5. Qd2 b5 6. Bd3 Nbd7 7. f4 Bb7 8. e5 b4
9. Ne4 Nxe4 10. Bxe4 f6 11. Bh4 dxe5 12. fxe5 Qb6 13. e6 Nb8 14. Nf3 Na6 15.
O-O Bg7 16. c4 O-O 17. c5 Qd8 18. Rad1 Qa5 19. a3 Rad8 20. Bd3 Qa4 21. Qe2 Nc7
22. b3 Qxb3 23. axb4 Bh6 24. Ra1 a6 25. Rfe1 Nb5 26. Bc4 Qxb4 27. Bf2 Bc8 28.
Qd3 Nc3 29. h4 Nd5 30. h5 gxh5 31. Nh4 Rfe8 32. Nf5 Qd2 33. Qf3 Qg5 34. Bh4 Qg6
35. Bd3 Kf8 36. Nxe7 Kxe7 37. Bxg6 hxg6 38. Qe4 Rg8 39. Bg3 f5 40. Qh4+ 1-0

[Event "VIII Festival A"]
[Site "Porto San Giorgio ITA"]
[Date "1995.08.26"]
[Round "7"]
[White "Sermek, Drazen"]
[Black "Godena, Michele"]
[Result "1-0"]
[WhiteElo "2550"]
[BlackElo "2550"]
[PlyCount "123"]
[EventDate "1996.08.20"]

1. e4 c5 2. c3 d6 3. d4 Nf6 4. Bd3 cxd4 5. cxd4 e5 6. Nf3 Bg4 7. Nbd2 exd4 8.
Qa4+ Bd7 9. Qxd4 Nc6 10. Qc3 Be7 11. O-O O-O 12. h3 Rc8 13. Qb3 Qc7 14. Re1 Be6
15. Qa4 Nd7 16. Bb1 Bf6 17. a3 Nde5 18. Qb5 Bc4 19. Qa4 Nxf3+ 20. Nxf3 Na5 21.
Bc2 Qb6 22. Be3 Qa6 23. Qb4 Be6 24. e5 Rc4 25. exf6 Rxb4 26. axb4 Qc4 27. Rec1
Qxb4 28. Bd2 Qxb2 29. Bxa5 Rc8 30. Ne1 Qxf6 31. Bb4 Bf5 32. Rxa7 h6 33. Rxb7
Bxc2 34. Rxc2 Rxc2 35. Nxc2 Qb2 36. Ne3 Qb1+ 37. Kh2 Qd3 38. Rd7 Qb1 39. Rd8+
Kh7 40. Bxd6 Qc2 41. Bg3 Qa2 42. Ng4 Qa4 43. Ne5 f6 44. Nd7 h5 45. Nf8+ Kg8 46.
Bd6 Kf7 47. Rd7+ Kg8 48. Rd8 Kf7 49. Rc8 Qd4 50. Rc7+ Ke8 51. Rd7 Qd5 52. f4 h4
53. Ba3 Qa2 54. Ra7 g5 55. Nh7 Qa1 56. Ra6 Qe1 57. Nxf6+ Kf7 58. Nh5 gxf4 59.
Rf6+ Kg8 60. Rxf4 Qe5 61. Nf6+ Kg7 62. Bd6 1-0

[Event "VIII Festival A"]
[Site "Porto San Giorgio ITA"]
[Date "1995.08.26"]
[Round "7"]
[White "Stoll, Thomas"]
[Black "Sedina, Elena"]
[Result "0-1"]
[WhiteElo "2215"]
[BlackElo "2345"]
[PlyCount "108"]
[EventDate "1996.08.20"]

1. d4 Nf6 2. Nf3 g6 3. Bg5 Bg7 4. Nbd2 d5 5. e3 O-O 6. c3 Nbd7 7. b4 Re8 8. Be2
c6 9. a4 a5 10. b5 c5 11. O-O h6 12. Bf4 Nh5 13. Ne5 Nxf4 14. exf4 Nf8 15. g3
f6 16. Nef3 c4 17. Re1 Be6 18. Bf1 Qd7 19. Re3 Bf7 20. Qc2 e6 21. h4 Qd6 22.
Rae1 Re7 23. Bg2 Rae8 24. Nf1 Nd7 25. Bh3 Qa3 26. R1e2 Nb6 27. Qb1 Qxa4 28. Ra2
Qb3 29. Rb2 Qa3 30. Ra2 Qd6 31. Rxa5 Ra8 32. Rxa8+ Nxa8 33. Re2 b6 34. Ne3 Ra7
35. Ra2 Rxa2 36. Qxa2 Nc7 37. Qb2 Be8 38. Nc2 Nxb5 39. Kf1 Bd7 40. Bg2 Qb8 41.
Ke2 Qa7 42. Nd2 Kf7 43. h5 g5 44. f5 Qa5 45. Nb4 Nc7 46. fxe6+ Bxe6 47. Qc2 Qb5
48. Bf3 Qd7 49. Kf1 Bf5 50. Qa2 Bf8 51. Na6 Nb5 52. Qb2 Ba3 53. Qa1 Kg7 54. Nb1
Qa7 0-1

[Event "VIII Festival A"]
[Site "Porto San Giorgio ITA"]
[Date "1995.08.26"]
[Round "7"]
[White "Vukovic, Zdravko"]
[Black "Khenkin, Igor"]
[Result "0-1"]
[WhiteElo "2475"]
[BlackElo "2575"]
[PlyCount "76"]
[EventDate "1996.08.20"]

1. e4 c6 2. d4 d5 3. Nc3 dxe4 4. Nxe4 Bf5 5. Nc5 b6 6. Nb3 e6 7. Nf3 Bd6 8. Bd3
Bxd3 9. Qxd3 Nf6 10. Bg5 Nbd7 11. Nbd2 Qc7 12. Ne4 Be7 13. Nxf6+ Bxf6 14. h4 h6
15. Bxf6 Nxf6 16. Ne5 O-O 17. O-O-O c5 18. Qe2 Rfd8 19. dxc5 Qxc5 20. Rhe1 Rac8
21. g4 Rxd1+ 22. Rxd1 Nd5 23. Rd2 Qa5 24. a3 b5 25. Qf3 Qc7 26. Qe4 Qe7 27. Nf3
Nf6 28. Qd4 Nd5 29. Qe5 Qf6 30. Qxf6 gxf6 31. Kd1 Kf8 32. Rd4 Ke7 33. a4 b4 34.
Nd2 Kd6 35. f3 Rh8 36. Ke2 h5 37. Ne4+ Ke5 38. Nc5 Kxd4 0-1

[Event "VIII Festival A"]
[Site "Porto San Giorgio ITA"]
[Date "1995.08.27"]
[Round "8"]
[White "Anceschi, Vittorio"]
[Black "Bruno, Fabio"]
[Result "1-0"]
[WhiteElo "2285"]
[BlackElo "2260"]
[PlyCount "115"]
[EventDate "1996.08.20"]

1. e4 c5 2. Nc3 Nc6 3. g3 g6 4. Bg2 Bg7 5. d3 e6 6. Be3 d6 7. Qd2 Qa5 8. Nge2
Nd4 9. O-O Ne7 10. Nc1 O-O 11. Nb3 Qa6 12. f4 f5 13. e5 dxe5 14. Nxc5 Qd6 15.
Nb3 exf4 16. gxf4 Nec6 17. Qf2 Rd8 18. Rfe1 Bd7 19. Nxd4 Nxd4 20. Nd1 Bc6 21.
c3 Bxg2 22. Qxg2 Nc6 23. d4 Bh6 24. Nf2 Ne7 25. Nd3 Nd5 26. Bd2 Re8 27. Re5 Bg7
28. Re2 Nc7 29. Rae1 Qd5 30. Nc5 b6 31. Nxe6 Qxg2+ 32. Kxg2 Nd5 33. Nxg7 Rxe2+
34. Rxe2 Kxg7 35. c4 Nf6 36. d5 Kf7 37. Bc3 Ne4 38. Bd4 Rc8 39. b3 h6 40. h4
Rd8 41. a4 Rd7 42. Kf3 g5 43. fxg5 hxg5 44. hxg5 Kg6 45. Rxe4 fxe4+ 46. Kxe4
Kxg5 47. a5 Re7+ 48. Be5 Kg6 49. b4 bxa5 50. bxa5 Kf7 51. c5 Ke8 52. c6 Rf7 53.
d6 a6 54. Kd5 Rh7 55. Bf6 Rf7 56. Ke6 Re7+ 57. Kd5 Rf7 58. d7+ 1-0

[Event "VIII Festival A"]
[Site "Porto San Giorgio ITA"]
[Date "1995.08.27"]
[Round "8"]
[White "Colovic, Aleksandar"]
[Black "Drasko, Milan"]
[Result "0-1"]
[WhiteElo "2285"]
[BlackElo "2500"]
[PlyCount "60"]
[EventDate "1996.08.20"]

1. e4 e6 2. Nc3 d5 3. d4 Bb4 4. e5 Ne7 5. a3 Bxc3+ 6. bxc3 c5 7. a4 Qc7 8. Nf3
b6 9. Bb5+ Bd7 10. Bd3 Nbc6 11. O-O h6 12. Re1 O-O 13. Ba3 Na5 14. dxc5 bxc5
15. Nd4 Ng6 16. Nb5 Bxb5 17. Bxb5 Nxe5 18. Bxc5 Qxc5 19. Rxe5 Qxc3 20. Re3 Qc7
21. Qh5 Nc4 22. Bxc4 Qxc4 23. Rg3 Qf4 24. Rg4 Qf6 25. Rd1 Rac8 26. c4 dxc4 27.
h3 c3 28. Rd3 c2 29. Rdg3 c1=Q+ 30. Kh2 Rc5 0-1

[Event "VIII Festival A"]
[Site "Porto San Giorgio ITA"]
[Date "1995.08.27"]
[Round "8"]
[White "Marinelli, Tullio"]
[Black "Pierrot, Facundo"]
[Result "1-0"]
[WhiteElo "2425"]
[BlackElo "2420"]
[PlyCount "105"]
[EventDate "1996.08.20"]

1. d4 Nf6 2. c4 g6 3. Nc3 d5 4. Nf3 Bg7 5. Qb3 dxc4 6. Qxc4 O-O 7. e4 Bg4 8.
Be3 Nfd7 9. Qb3 c5 10. d5 Na6 11. Be2 Rb8 12. O-O Qa5 13. Bf4 Bxf3 14. Bxf3 Ne5
15. Be2 Qb4 16. Qc2 Rbc8 17. a3 Qa5 18. Be3 c4 19. f4 Nd3 20. Bxd3 cxd3 21.
Qxd3 Bxc3 22. bxc3 Rxc3 23. Qd2 b6 24. Bd4 Rc4 25. Qe3 Rc2 26. Rad1 Qb5 27.
Rfe1 Qc4 28. f5 Qa2 29. Qh6 Rxg2+ 30. Kh1 f6 31. fxg6 Rxg6 32. Rg1 Rf7 33.
Rxg6+ hxg6 34. Qxg6+ Rg7 35. Qe8+ Kh7 36. Qh5+ Kg8 37. Qe8+ Kh7 38. Qh5+ Kg8
39. Qf3 Nc7 40. d6 exd6 41. Bxf6 Rg6 42. Rxd6 Ne8 43. Rd8 Qb1+ 44. Rd1 Qc2 45.
Be5 Qc5 46. Qh5 Qc6 47. Qh8+ Kf7 48. Qh7+ Ng7 49. Rf1+ Ke7 50. Qh4+ Kd7 51.
Rd1+ Kc8 52. Qd8+ Kb7 53. Qd7+ 1-0

[Event "VIII Festival A"]
[Site "Porto San Giorgio ITA"]
[Date "1995.08.27"]
[Round "8"]
[White "Sarno, Spartaco"]
[Black "Giaccio, Alfredo Gustavo"]
[Result "1/2-1/2"]
[WhiteElo "2410"]
[BlackElo "2465"]
[PlyCount "57"]
[EventDate "1996.08.20"]

1. c4 g6 2. g3 Bg7 3. Bg2 Nf6 4. Nc3 O-O 5. Nf3 d6 6. O-O c6 7. d3 e5 8. Rb1 a5
9. a3 Re8 10. Bg5 h6 11. Bxf6 Qxf6 12. Nd2 Na6 13. b4 axb4 14. axb4 Bd7 15.
Nde4 Qe7 16. b5 Nc7 17. bxc6 bxc6 18. Na4 f5 19. Nec3 Rab8 20. Qc2 Red8 21.
Rxb8 Rxb8 22. Rb1 Qd8 23. Rb3 Na6 24. Qb1 Rxb3 25. Qxb3 Qb8 26. Qb6 Qxb6 27.
Nxb6 Be8 28. Na2 Kf7 29. Kf1 1/2-1/2

[Event "VIII Festival A"]
[Site "Porto San Giorgio ITA"]
[Date "1995.08.27"]
[Round "8"]
[White "Sebastianelli, Diego"]
[Black "Arlandi, Ennio"]
[Result "1-0"]
[WhiteElo "2305"]
[BlackElo "2445"]
[PlyCount "53"]
[EventDate "1996.08.20"]

1. e4 c6 2. d4 d5 3. e5 Bf5 4. h4 h5 5. c4 e6 6. Nc3 dxc4 7. Bxc4 Nd7 8. Nge2
Nb6 9. Bd3 Ne7 10. Bg5 Bxd3 11. Qxd3 Qd7 12. Rd1 Nf5 13. Ng3 Nxg3 14. Qxg3 Bb4
15. O-O Bxc3 16. bxc3 Qd5 17. f4 g6 18. Bf6 Rg8 19. f5 Qxa2 20. fxe6 Qxe6 21.
Bg5 Rc8 22. Rde1 Qg4 23. Qh2 Nd5 24. e6 f6 25. Bxf6 Nxf6 26. Rxf6 g5 27. Qd6
1-0

[Event "VIII Festival A"]
[Site "Porto San Giorgio ITA"]
[Date "1995.08.27"]
[Round "8"]
[White "Sedina, Elena"]
[Black "Mrdja, Milan"]
[Result "0-1"]
[WhiteElo "2345"]
[BlackElo "2455"]
[PlyCount "74"]
[EventDate "1996.08.20"]

1. e4 c5 2. Nf3 e6 3. d3 Nc6 4. g3 d5 5. Nbd2 Bd6 6. Bg2 Nge7 7. O-O O-O 8. Nh4
g5 9. Nhf3 f6 10. exd5 exd5 11. c4 Be6 12. Re1 Bf7 13. cxd5 Nxd5 14. Ne4 Be7
15. h4 h6 16. d4 c4 17. Nc5 Bxc5 18. dxc5 Ndb4 19. Be3 Nd3 20. Re2 Re8 21. Rd2
Qa5 22. b3 Nxc5 23. bxc4 Ne4 24. Rd7 Nxg3 25. hxg5 hxg5 26. Nxg5 fxg5 27. Rxf7
Kxf7 28. Bd5+ Kg6 29. Qg4 Rxe3 30. fxe3 Nf5 31. Rf1 Nce7 32. Qe4 Qb6 33. c5 Qf6
34. Bxb7 Rh8 35. c6 Qd6 36. Rf2 Rh4 37. Qc2 Qg3+ 0-1

[Event "VIII Festival A"]
[Site "Porto San Giorgio ITA"]
[Date "1995.08.28"]
[Round "9"]
[White "Borgo, Giulio"]
[Black "Barlov, Dragan"]
[Result "0-1"]
[WhiteElo "2375"]
[BlackElo "2455"]
[PlyCount "126"]
[EventDate "1996.08.20"]

1. e4 c5 2. Nf3 e6 3. c4 b6 4. Nc3 Bb7 5. g3 Nf6 6. Qe2 Nc6 7. Bg2 d6 8. O-O
Be7 9. Rd1 a6 10. d4 cxd4 11. Nxd4 Nxd4 12. Rxd4 Qc7 13. Be3 O-O 14. Rc1 Rac8
15. b3 Rfe8 16. Rdd1 Nd7 17. Qd2 Qb8 18. Bf4 Ne5 19. Rc2 Bc6 20. a4 Red8 21.
Qe2 Bf6 22. Rcc1 h6 23. Qa2 Ng6 24. Be3 Bxc3 25. Rxc3 Qb7 26. f4 Ne7 27. Qc2 b5
28. axb5 axb5 29. Ra1 Ra8 30. Rxa8 Rxa8 31. cxb5 Qxb5 32. h3 Ra1+ 33. Kh2 Qa6
34. Qd2 Qb7 35. Qb2 Qa8 36. Rc4 Ra2 37. Qb1 d5 38. Ra4 Rxg2+ 39. Kxg2 Bxa4 40.
bxa4 Qxa4 41. Bc5 Ng6 42. exd5 exd5 43. f5 Nh8 44. g4 f6 45. Qb8+ Kh7 46. Qa7
Qe4+ 47. Kf2 Qc2+ 48. Kg3 Qc3+ 49. Kg2 Nf7 50. Qxf7 Qxc5 51. Qg6+ Kg8 52. Qe8+
Qf8 53. Qe6+ Qf7 54. Qd6 Qb7 55. Kg3 Kh7 56. Kh4 Qb5 57. Qd8 Qc4 58. Kh5 Qc3
59. h4 Qe5 60. Qd7 d4 61. Qf7 d3 62. Qd7 d2 63. Qf7 Qxf5+ 0-1

[Event "VIII Festival A"]
[Site "Porto San Giorgio ITA"]
[Date "1995.08.28"]
[Round "9"]
[White "De Vita, Igor"]
[Black "Godena, Michele"]
[Result "0-1"]
[WhiteElo "2135"]
[BlackElo "2550"]
[PlyCount "48"]
[EventDate "1996.08.20"]

1. e4 c5 2. Nc3 e6 3. g3 d5 4. exd5 exd5 5. Bg2 Nf6 6. Nge2 d4 7. Ne4 Nxe4 8.
Bxe4 Bd6 9. d3 Nd7 10. Bg2 O-O 11. O-O Re8 12. c3 Ne5 13. cxd4 cxd4 14. Bf4 Bg4
15. h3 Bxe2 16. Qxe2 Ng6 17. Qg4 Bxf4 18. gxf4 Qf6 19. Bxb7 Rab8 20. Be4 Nxf4
21. Qf5 Qxf5 22. Bxf5 Rxb2 23. Rfe1 Rxe1+ 24. Rxe1 g6 0-1

[Event "VIII Festival A"]
[Site "Porto San Giorgio ITA"]
[Date "1995.08.28"]
[Round "9"]
[White "Komarov, Dimitri"]
[Black "Khenkin, Igor"]
[Result "1/2-1/2"]
[WhiteElo "2595"]
[BlackElo "2575"]
[PlyCount "46"]
[EventDate "1996.08.20"]

1. d4 d5 2. c4 c6 3. Nf3 Nf6 4. Nc3 e6 5. Bg5 h6 6. Bxf6 Qxf6 7. Qc2 dxc4 8. e3
b5 9. a4 Nd7 10. axb5 cxb5 11. Nxb5 Bb4+ 12. Nc3 Bb7 13. Qa4 Bxc3+ 14. bxc3
Bxf3 15. gxf3 Qxf3 16. Rg1 Rb8 17. Rxg7 Rb2 18. Rg2 Qb7 19. Qxc4 Rb1+ 20. Rxb1
Qxb1+ 21. Ke2 Qc2+ 22. Kf3 Qf5+ 23. Ke2 Qc2+ 1/2-1/2

[Event "VIII Festival A"]
[Site "Porto San Giorgio ITA"]
[Date "1995.08.28"]
[Round "9"]
[White "Rotstein, Arkadij"]
[Black "Sermek, Drazen"]
[Result "0-1"]
[WhiteElo "2475"]
[BlackElo "2550"]
[PlyCount "85"]
[EventDate "1996.08.20"]

1. d4 d5 2. c4 dxc4 3. Nc3 e5 4. d5 c6 5. e4 Nf6 6. Bxc4 Bb4 7. Bg5 Bxc3+ 8.
bxc3 h6 9. Bxf6 Qxf6 10. Ne2 O-O 11. O-O Nd7 12. a4 Nc5 13. Ng3 a5 14. Qe2 Bd7
15. Qe3 b6 16. Rfb1 cxd5 17. Bxd5 Rab8 18. Bb3 Qf4 19. Qxf4 exf4 20. Ne2 Nxe4
21. Bc2 f3 22. Bxe4 fxe2 23. f3 Rfc8 24. Ra3 Rc4 25. Kf2 Rxa4 26. Rab3 b5 27.
Kxe2 Be6 28. R3b2 Bc4+ 29. Ke3 Ra3 30. Rc1 Rd8 31. Kf4 a4 32. h4 Rb3 33. Rxb3
Bxb3 34. Ke3 a3 35. Bd3 a2 36. Ra1 Kf8 37. g4 g5 38. h5 Ke7 39. Be2 Rd6 40. Bd3
Kd8 41. Be2 Kc7 42. Bd3 Kb6 43. Be2 0-1

[Event "VIII Festival A"]
[Site "Porto San Giorgio ITA"]
[Date "1995.08.28"]
[Round "9"]
[White "Sarno, Spartaco"]
[Black "Naumkin, Igor"]
[Result "1/2-1/2"]
[WhiteElo "2410"]
[BlackElo "2430"]
[PlyCount "71"]
[EventDate "1996.08.20"]

1. Nf3 Nf6 2. c4 b6 3. g3 Bb7 4. Bg2 e6 5. O-O Be7 6. b3 O-O 7. Bb2 d5 8. e3
dxc4 9. bxc4 c5 10. Qe2 Qc7 11. Rd1 Nc6 12. Nc3 a6 13. Rab1 Rab8 14. Ba1 Ba8
15. d4 cxd4 16. exd4 Na5 17. d5 Qxc4 18. d6 Qxe2 19. Nxe2 Bd8 20. Ne5 Bxg2 21.
Kxg2 b5 22. Bc3 Rb7 23. Bxa5 Bxa5 24. Nc6 Bd8 25. Nc3 Nd7 26. a4 Bf6 27. axb5
axb5 28. Rxb5 Rxb5 29. Nxb5 Ra8 30. Nba7 Kf8 31. Rb1 Bd8 32. Rb7 Nc5 33. Rb5
Nd7 34. Rb7 Nc5 35. Rb5 Nd7 36. Rb7 1/2-1/2

[Event "VIII Festival A"]
[Site "Porto San Giorgio ITA"]
[Date "1995.08.28"]
[Round "9"]
[White "Sebastianelli, Diego"]
[Black "Marinelli, Tullio"]
[Result "1/2-1/2"]
[WhiteElo "2305"]
[BlackElo "2425"]
[PlyCount "114"]
[EventDate "1996.08.20"]

1. e4 c5 2. Nf3 d6 3. d4 cxd4 4. Nxd4 Nf6 5. Nc3 a6 6. Be3 e5 7. Nf3 Qc7 8. a4
h6 9. a5 Be6 10. Be2 Nbd7 11. O-O Be7 12. Nd5 Nxd5 13. exd5 Bg4 14. Ra4 f5 15.
h3 Bxf3 16. Bxf3 O-O 17. g3 Bf6 18. c3 g5 19. Bg2 Rae8 20. Qh5 Bg7 21. h4 Nf6
22. Qg6 Qd7 23. Rc4 gxh4 24. Rxh4 Ng4 25. Bxh6 Nxh6 26. Rxh6 Rf6 27. Qh7+ Kf7
28. Rxf6+ Kxf6 29. Qh4+ Kf7 30. Bf3 Rh8 31. Qg5 Bf6 32. Bh5+ Ke7 33. Qg6 Rf8
34. Qh7+ Kd8 35. Bg6 Qxh7 36. Bxh7 Bg5 37. Bg6 Ke7 38. Bh5 f4 39. g4 Kf6 40.
Rd1 Rc8 41. Rd3 e4 42. Rd4 Ke5 43. Rb4 Rc5 44. Bg6 e3 45. fxe3 fxe3 46. Be4
Rxa5 47. Bf3 Ra1+ 48. Kg2 b5 49. Re4+ Kf6 50. Re6+ Kf7 51. Rxd6 Ra2 52. Be2
Rxb2 53. Kf3 a5 54. Rb6 b4 55. cxb4 axb4 56. d6 Rd2 57. Rb5 Kf6 1/2-1/2

[Event "VIII Festival B"]
[Site "Porto San Giorgio ITA"]
[Date "1996.08.??"]
[Round "1"]
[White "Putzolu, Marcello"]
[Black "Mogranzini, Roberto"]
[Result "1/2-1/2"]
[WhiteElo "1753"]
[BlackElo "1834"]
[PlyCount "89"]
[EventDate "1996.08.20"]

1. d4 Nf6 2. c4 g6 3. Nc3 Bg7 4. e4 d6 5. Nf3 O-O 6. Bd3 Nbd7 7. O-O e5 8. d5
h6 9. h3 a5 10. Be3 b6 11. Qc2 Nc5 12. a3 Bd7 13. b4 Nxd3 14. Qxd3 Nh5 15. b5
f5 16. Qe2 f4 17. Bd2 Nf6 18. Na4 Qe7 19. Rfc1 g5 20. Nh2 Kh8 21. Rab1 Be8 22.
f3 Rg8 23. Kf2 Nh5 24. Nf1 Bd7 25. Ke1 Nf6 26. Kd1 h5 27. Kc2 Bh6 28. Bc3 Kg7
29. Nd2 Kf7 30. Rh1 Rh8 31. Rbg1 Rag8 32. Nb3 Bf8 33. Be1 Rg7 34. Bf2 Rhg8 35.
Nd2 Ke8 36. Qe1 g4 37. hxg4 hxg4 38. Qd1 g3 39. Be1 Rh7 40. Nb3 Rgh8 41. Bd2
Rxh1 42. Rxh1 Rxh1 43. Qxh1 Qh7 44. Qxh7 Nxh7 45. Nc3 1/2-1/2

[Event "VIII Festival B"]
[Site "Porto San Giorgio ITA"]
[Date "1996.08.??"]
[Round "2"]
[White "Mogranzini, Roberto"]
[Black "Natoli, Domenico"]
[Result "0-1"]
[WhiteElo "1834"]
[BlackElo "1761"]
[PlyCount "78"]
[EventDate "1996.08.20"]

1. e4 c5 2. Nf3 e6 3. d3 Nc6 4. g3 g6 5. Bg2 Bg7 6. O-O Nge7 7. c3 O-O 8. Nbd2
b5 9. Nb3 d6 10. Be3 Rb8 11. Qc1 Re8 12. d4 c4 13. Nbd2 d5 14. e5 a5 15. a3 Nf5
16. g4 Nxe3 17. fxe3 f6 18. exf6 Bxf6 19. e4 b4 20. e5 Bg7 21. Qc2 Qb6 22. Kh1
Re7 23. Rab1 Reb7 24. h4 Qd8 25. h5 gxh5 26. g5 Qe8 27. Nh4 bxa3 28. bxa3 Rxb1
29. Nxb1 Qe7 30. Nf3 Rb3 31. g6 h6 32. Qf2 Bd7 33. Nfd2 Rb2 34. Qf7+ Qxf7 35.
gxf7+ Kf8 36. Bf3 Ne7 37. Bxh5 Nf5 38. Kh2 Ba4 39. Kh3 Bc2 0-1